Ottoman documents on Palestine, 1552-1615 : a study of the firman according to the Mühimme defteri /
Saved in:
Main Author:
Format: Book
Language: English
Subjects:
Tags: Add Tag
No Tags, Be the first to tag this record!
Call Number: DS124 .H49 1960
| LEADER | 00993namaa2200277 4500 | ||
|---|---|---|---|
| 001 | 18634 | ||
| 003 | OSt | ||
| 005 | 20200322150548.0 | ||
| 008 | 130303s1960 enkbh g 000 0 eng d | ||
| 952 | |0 0 |1 0 |2 lcc |4 0 |6 DS0124 H49 01960 |7 1 |9 25280 |a ARCE |b ARCE |d 2022-01-25 |l 0 |o DS124 .H49 1960 |p 1022199 |r 2022-01-25 00:00:00 |w 2022-01-25 |y BK | ||
| 999 | |c 20053 |d 20053 | ||
| 010 | |a 60050030 | ||
| 043 | |a awba--- |a awgz--- | ||
| 050 | |a DS124 |b .H49 1960 | ||
| 100 | 1 | |a Heyd, Uriel, |d 1913-1968, |e author. |9 32012 | |
| 245 | 1 | 0 | |a Ottoman documents on Palestine, 1552-1615 : |b a study of the firman according to the Mühimme defteri / |c Uriel Heyd. |
| 264 | 1 | |a Oxford : |b Clarendon Press, |c 1960. | |
| 300 | |a xvii, 204 pages : |b maps, facsimsiles ; |c 22 cm | ||
| 336 | |a text |b txt |2 rdacontent | ||
| 337 | |a unmediated |b n |2 rdamedia | ||
| 338 | |a volume |b nc |2 rdacarrier | ||
| 555 | |a wafaa.lib. | ||
| 651 | 0 | |a Palestine |x History |y 638-1917 |v Sources. | |
| 740 | 0 | |a Mühimme defteri. | |
| 901 | |a reviewed | ||
| 942 | |c BK |2 lcc | ||
